Мигрена и главоболие (Запис номер 21688)
[ съкратено ]
| 000 -Лидер | |
|---|---|
| Контролно поле с фиксирана дължина | 02008nam a2200433 c 4500 |
| 003 - Код на организацията, давaща контролен номер | |
| Контролно поле | BLK |
| 005 - Дата и час на последна редакция | |
| Контролно поле | 20180420215712.0 |
| 008 - Елементи от данни с фиксирана дължина | |
| fixed length control field | 180413b bul|||||r ||||||| ||bul|| |
| 010 ## - Наследен системен номер | |
| LC control number | KNG00023986000 |
| 020 ## - Международен стандартен номер на книга ISBN | |
| Международен стандартен номер на книга ISBN | 954-8801-09-4 |
| -- | издат.: Бонкомерс |
| 040 ## - Източник на каталожния запис | |
| Идентификатор на билиотеката - собственик на записа | BLK |
| 041 ## - Код за език | |
| Код за езика на текст/звукозапис или на отделно заглавие | Български |
| Код за езика КДБФ | Български |
| 072 #7 - Код за тематичната категория | |
| Код организация | bullib |
| Код за тематична категория | Л01 |
| Текст | Заболявания |
| 080 ## - УДК | |
| Текстов определител УДК | Мигрена. Цефалгия. Главоболие |
| УДК код - определител по УДК | 616.857 |
| УДК определител | (035) |
| УДК - код + определител | 616.857(035) |
| 080 ## - УДК | |
| Текстов определител УДК | Лекарствени средства от растителен произход. Подразделя се със знак за отношение :582; :633/635; :665.3 |
| УДК код - определител по УДК | 615.322 |
| УДК определител | (035) |
| УДК - код + определител | 615.322(035) |
| 100 1# - Редна дума - Автор | |
| Автор | Требен, Мария |
| Авторска отговорност | първи автор |
| R(LIN) | 131153 |
| 139 ## - Редно поле | |
| Редна дума | Требен, Мария |
| Авторски знак | Тре - Т 81 |
| 245 10 - Сведения за заглавието | |
| Заглавие | Мигрена и главоболие |
| Подзаглавни данни | Предпазване - диагноза - лечение |
| Редно поле (дума) | Мария Требен; прев. от нем. Аделина Панайотова. |
| 257 ## - Страна на издаване | |
| Страна на създаване/издаване | Австрия |
| 260 ## - Област на издателските данни | |
| -- | Берковица |
| Име на издателя, разпространителя и проч. | Бонкомерс |
| Година на издаване | 1998 |
| Печатница | Враца : Полипринт |
| 300 ## - Физическа характеристика | |
| Страници | 72 с. |
| Илюстрации и др. | с портр., 4 л. цв. ил. |
| Размери/Мащаб | 23 см |
| 380 ## - Жанр | |
| Жанр | Медицина |
| 490 1# - СЕРИИ (Колекции) | |
| Име на серия | Да бъдем здрави с Мария Требен |
| 500 ## - Общи забележки | |
| Забележка | Ориг. загл. Kopfschmerzen und Migrane. - 2 000 тир. |
| 650 #4 - Допълнително описание по предмет – тема | |
| Основно описание – тема или топоним | Главоболие - профилактика и фитотерапия |
| 9 (RLIN) | 265861 |
| 650 #4 - Допълнително описание по предмет – тема | |
| Основно описание – тема или топоним | Медицински растения - приложение |
| 9 (RLIN) | 244308 |
| 650 #4 - Допълнително описание по предмет – тема | |
| Основно описание – тема или топоним | Билкарство |
| 9 (RLIN) | 148642 |
| 650 #4 - Допълнително описание по предмет – тема | |
| Основно описание – тема или топоним | Мигрена - профилактика и фитотерапия |
| 9 (RLIN) | 265862 |
| 653 ## - Ключова дума – ненормативна | |
| Ключова дума | мигрена |
| 653 ## - Ключова дума – ненормативна | |
| Ключова дума | главоболие |
| 653 ## - Ключова дума – ненормативна | |
| Ключова дума | фитотерапия |
| 659 ## - Тематичен бюлетин | |
| Тематичен бюлетин | Л |
| 700 1# - Други автори (авторска отговорност) | |
| Лично име | Панайотова, Аделина |
| Автороска отговорност (Описва отношението между автора и произведението) | прев. от нем. |
| 9 (RLIN) | 243257 |
| 852 ## - Местоположение | |
| Форматна сигнатура | Цб 198144 |
| 856 4# - Електронен адрес и достъп | |
| Електронен формат | pdf - файл |
| Път до файла /url/ | |
| 856 4# - Електронен адрес и достъп | |
| Електронен формат | pdf - файл |
| Път до файла /url/ | |
| 942 ## - АРТИКУЛИ | |
| Вид на библиотечния материал | Книги |
| Скрит в OPAC | Не |
| 944 ## - СЪЗДАВАНЕ И РЕДАКЦИЯ на ЗАПИСА | |
| Създаване/Редакция | Създаване |
| Дата на регистрацията/редакция | 15.01.2003 |
| Статус, дата на статуса | ф / |
| Служител, извършил регистрацията/редакцията | Людмила_Стоянова |
| 944 ## - СЪЗДАВАНЕ И РЕДАКЦИЯ на ЗАПИСА | |
| Създаване/Редакция | Редакция |
| Дата на регистрацията/редакция | 25.02.2013 |
| Статус, дата на статуса | ф / |
| Служител, извършил регистрацията/редакцията | |
| 999 ## - СИСТЕМНИ КОНТРОЛНИ НОМЕРА | |
| Koha biblionumber | 21688 |
| Koha biblioitemnumber | 21688 |
| Код за отписване | Код за изгубен артикул | Източник на класификационната схема | Код за повреда | Коз за рестрикции | Код за отдаване | Артикулен № | Име на библиотеката - собственик | Име на библиотеката, в която се намира в момента | Статус (Текущо местоположение) | Дата на вписване в системата | Местоположение - отдел | Цена в лева | Инвентарен номер | Систематично азбучна сигнатура | Баркод | Номер на екземпляра | Цена в евро | Служебна бележка | Служебен тип на артикула |
|---|---|---|---|---|---|---|---|---|---|---|---|---|---|---|---|---|---|---|---|
| Не е изгубен | Universal Decimal Classification | Не е повреден | без рестрикции | ползва се в читалня | 35810 | Регионална библиотека "Любен Каравелов" Русе | Регионална библиотека "Любен Каравелов" Русе | Хранилище | 2001-01-01 | Хранилище | 2.80 | 643838 | Цб 198144 | 120000643838 | 1 | 1.43 | Дост: Dp Вид: Д N: 37 Дата: 01.01.1994 | Книги | |
| Не е изгубен | Не е повреден | без рестрикции | заемане за дома | 35811 | Регионална библиотека "Любен Каравелов" Русе | Регионална библиотека "Любен Каравелов" Русе | Заемна - подръчен фонд | 2012-11-13 | Заемна - подръчен фонд | 3.60 | 120000760986 | П 616.8/Т 81 | 120000760986 | 2 | 1.84 | Дост: DA Вид: А N: 21 Дата: 13.11.2012 Дата инв: 05.02.2018 Бележки инв: П2018 | Книги |